Motivating bureacracy / (Record no. 126576)

MARC details
000 -LEADER
fixed length control field 00692nam a22002537a 4500
003 - CONTROL NUMBER IDENTIFIER
control field 0
005 - DATE AND TIME OF LATEST TRANSACTION
control field 20180723170108.0
008 - FIXED-LENGTH DATA ELEMENTS--GENERAL INFORMATION
fixed length control field 0
010 ## - LIBRARY OF CONGRESS CONTROL NUMBER
LC control number B-181226
020 ## - INTERNATIONAL STANDARD BOOK NUMBER
Terms of availability 285.00
International Standard Book Number 0333937163
035 ## - SYSTEM CONTROL NUMBER
System control number B-181226, B-133116
037 ## - SOURCE OF ACQUISITION
Source of stock number/acquisition Cen Lib/Ret
040 ## - CATALOGING SOURCE
Original cataloging agency DPL
Language of cataloging EN
Transcribing agency 0
082 ## - DEWEY DECIMAL CLASSIFICATION NUMBER
Classification number 351.1
Item number SAT
100 ## - MAIN ENTRY--PERSONAL NAME
Personal name Sathya Babu
9 (RLIN) 73272
245 ## - TITLE STATEMENT
Title Motivating bureacracy /
Statement of responsibility, etc by Sathya Babu
260 ## - PUBLICATION, DISTRIBUTION, ETC. (IMPRINT)
Place of publication, distribution, etc New Delhi
Name of publisher, distributor, etc Mamillan India
Date of publication, distribution, etc 2003
270 ## - ADDRESS
City New Delhi
Address 2/10, ansari road daryaganj
300 ## - PHYSICAL DESCRIPTION
Extent xv,175p.
Dimensions 21cm(Hb)
500 ## - GENERAL NOTE
General note Includes index
650 ## - SUBJECT ADDED ENTRY--TOPICAL TERM
Topical term or geographic name as entry element Bureaucracy--India
9 (RLIN) 73273
650 ## - SUBJECT ADDED ENTRY--TOPICAL TERM
Topical term or geographic name as entry element Public service
9 (RLIN) 73274
942 ## - ADDED ENTRY ELEMENTS (KOHA)
Source of classification or shelving scheme Dewey Decimal Classification
Koha item type English Books
Classification part 351.1
Call number suffix SAT
Holdings
Withdrawn status Lost status Damaged status Not for loan Home library Current library Date acquired Source of acquisition Cost, normal purchase price Total Checkouts Full call number Barcode Date last seen Date checked out Copy number Cost, replacement price Price effective from Koha item type Source of classification or shelving scheme Collection code
        Central Library Central Library 25/06/2015 Cen Lib/Ret 285.00 1 351.1 SAT B-181226 22/09/2023 15/09/2023 1 285.00 25/06/2015 English Books    
        Patel Nagar Patel Nagar 23/07/2018 BPPD/PUB 295.00   351.1 SAT B-133116 23/07/2018     295.00 23/07/2018 English Books Dewey Decimal Classification Non-fiction

© Delhi Public Library
Hit Counter
free hit counter